=LDR 00000nam 2200000 4500 =001 INLIS000000000016766 =005 20130612112020 =008 ***********************************Ind** =035 ##$$0010-061300000016766 =041 ##$$a Ind =082 ##$$a 028.55 =090 ##$$a 028.55, pri g =100 ##$$a Priyono, Kusuma =245 ##$$a Gasa melawan monster leher beton (fighting the concreate acck monster, Kusumo Priyono, AR.S =260 ##$$a 2000 $b Jakarta =300 ##$$a 30 hlm, ilus, 24 cm =650 ##$$a bacaan anak-anak =850 ##$$a NBPNMAT